Statistics for Administrative Divisions along the coast - Afro-Eurasia Part 2

Click here to take the quiz!

General Stats

  • This quiz has been taken 12 times
  • The average score is 44 of 88

Answer Stats

CountryState/Province/etc% Correct
UAEAbu Dhabi
90%
BangladeshChittagong
90%
BangladeshDhaka
90%
UAEDubai
90%
PakistanBalochistan
80%
IndiaGoa
80%
IndiaGujarat
80%
IndiaMaharashtra
80%
IndiaTamil Nadu
80%
IndiaWest Bengal
80%
IndiaGujarat
70%
MalaysiaJohor
70%
IndiaKerala
70%
UAESharjah
70%
IndiaTamil Nadu
70%
MyanmarYangon
70%
IndiaDaman and Diu
60%
IndiaDaman and Diu
60%
IndiaGujarat
60%
IndiaKerala
60%
MalaysiaMalacca
60%
OmanMuscat
60%
IndiaOdisha
60%
MalaysiaPerlis
60%
IndiaPuducherry
60%
PakistanSindh
60%
IndiaTamil Nadu
60%
KuwaitAhmadi
50%
UAEAjman
50%
QatarAl Rayyan
50%
IndiaAndhra Pradesh
50%
IndiaAndhra Pradesh
50%
KuwaitAsima
50%
MyanmarBago
50%
BangladeshBarisal
50%
IranBushehr
50%
Saudi ArabiaEastern Province
50%
Saudi ArabiaEastern Province
50%
KuwaitHawalli
50%
IranHormozgan
50%
KuwaitJahra
50%
IndiaKarnataka
50%
MalaysiaKedah
50%
BangladeshKhulna
50%
IranKhuzestan
50%
ThailandKrabi
50%
MyanmarMon
50%
KuwaitMubarak Al-Kabeer
50%
MalaysiaNegeri Sembilan
50%
MalaysiaPenang
50%
MalaysiaPerak
50%
IndiaPuducherry
50%
IndiaPuducherry
50%
IndiaPuducherry
50%
ThailandRanong
50%
ThailandSatun
50%
MalaysiaSelangor
50%
UAESharjah
50%
MyanmarTanintharyi
50%
ThailandTrang
50%
QatarAd Dawhah
40%
QatarAl Daayen
40%
QatarAl Khor
40%
OmanMusandam
40%
MyanmarRakhaing
40%
UAESharjah
40%
UAESharjah
40%
IraqAl-Basrah
30%
OmanAl Batinah
30%
QatarAl Khor
30%
YemenAl Mahrah
30%
QatarAl Wakrah
30%
OmanAl Wusta
30%
OmanAsh Sharqiyah
30%
OmanDhofar
30%
UAEFujairah
30%
UAEFujairah
30%
YemenHadramaut
30%
ThailandPhang Na
30%
UAERas Al-Khaimah
30%
YemenShabwah
30%
IranSistan and Baluchistan
30%
UAEUmm Al-Quwain
30%
YemenAbyan
20%
MyanmarAyeyawady
20%
YemenLahij
20%
YemenAdan
10%
QatarMadinat ash Shamal
10%

Score Distribution

Percentile by Number Answered

Percent of People with Each Score

Your Score History

You have not taken this quiz